Úloha peňažnej zásoby v menovej politike Slovenskej republiky diplomová práca

Gespeichert in:
Bibliographische Detailangaben
1. Verfasser: Lukáčová, Veronika
Körperschaft: Národohospodárska fakulta EU. Katedra bankovníctva a medzinárodných financií
Weitere Verfasser: Nemec, Marián
Format: Buch
Sprache:Slowakisch
Veröffentlicht: Bratislava 2009
Tags: Tag hinzufügen
Keine Tags, Fügen Sie das erste Tag hinzu!

MARC

LEADER 00000nam$a2200000$$$4500
001 0095420
005 20240319123417.0
041 0 |a slo 
044 |a SK 
245 1 0 |a Úloha peňažnej zásoby v menovej politike Slovenskej republiky  |b diplomová práca  |c Veronika Lukáčová ; škol. Marián Nemec 
264 1 |a Bratislava  |c 2009 
300 |a 72 s. 
100 1 |a Lukáčová, Veronika 
700 1 |a Nemec, Marián 
710 2 |a Národohospodárska fakulta EU. Katedra bankovníctva a medzinárodných financií